Normal view
MARC view
- Smith, Michael .R, Morse, Richard .C
Entry Personal Name
001 - CONTROL NUMBER
- control field: 62252
003 - CONTROL NUMBER IDENTIFIER
- control field: NUST
005 - DATE AND TIME OF LATEST TRANSACTION
- control field: 20210628202915.0
008 - FIXED-LENGTH DATA ELEMENTS
- fixed length control field: 210628|| aca||aabn | a|a d
040 ## - CATALOGING SOURCE
- Original cataloging agency: NUST
- Transcribing agency: NUST
100 ## - HEADING--PERSONAL NAME
- Personal name: Smith, Michael .R, Morse, Richard .C
670 ## - SOURCE DATA FOUND
- Source citation: Work cat.: (NUST): Smith, Michael .R, Morse, Richard .C, The official data cad user's guide, 2001
